| 000 | 02313nam a2200337 4500 | ||
|---|---|---|---|
| 003 | AR-RoIUNI | ||
| 005 | 20241122062917.0 | ||
| 007 | ta | ||
| 008 | 151030s2012 sp |||||r|||| 00| 0 spa d | ||
| 020 | _a9788415419839 | ||
| 040 |
_cIUNIR _bSpa _eAnglo |
||
| 080 | _a611.013 | ||
| 100 | 1 | _aSadler, T. W. | |
| 245 | 1 | 0 |
_aLangman : _bembriología médica / _cT.W. Sadler ; ilustraciones Jill Leland ; imágenes Susan L. Sadler-Redmond ; microfotografías Kathy Tosney ; ecografías Nancy Chescheir, Hytham Imseis. |
| 246 | 1 | 3 | _aEmbriología médica |
| 250 | _a12a ed. | ||
| 260 |
_aPhiladelphia ; _aBuenos Aires : _bPanamericana , _cc2012. |
||
| 300 |
_a384 p. : _bil. col ; _c25 cm |
||
| 500 | _3Las ediciones anteriores del presente libro llevan por título: "Embriología general : con orientación clínica". | ||
| 500 | _aEl libro incluye un código de acceso a recursos online. | ||
| 500 | _aTraducción de Langman´s Medical embriology 12th ed. | ||
| 504 | _aINCIND | ||
| 505 | 0 | _aCapítulo 1. Introducción a la señalización y la regulación moleculares -- Capítulo 2. Gametogénesis: transformación de las células germinales en gametos femeninos y masculinos -- Capítulo 3. Primera semana del desarrollo: de la ovulación a la implantación -- Capítulo 4. Segunda semana del desarrollo: el disco germinativo bilaminar -- Capítulo 5. Tercera semana del desarrollo: disco germinativo trilaminar -- Capítulo 6. De la tercera a octava semana: el período embrionario -- Capítulo 7. El tubo intestinal y cavidades corporales -- Capítulo 8. Del tercer mes al nacimiento: el feto y la placenta -- Capítulo 9. Anomalías congénitas y diagnóstico prenatal -- Capítulo 10. Esqueleto axial -- Capítulo 11. Sistema muscular -- Capítulo 12. Extremidades -- Capítulo 13. Sistema cardiovascular -- Capítulo 14. Sistema respiratorio -- Capítulo 15. Sistema digestivo -- Capítulo 16. Sistema urogenital -- Capítulo 17. Cabeza y cuello -- Capítulo 18. Sistema nervioso central -- Capítulo 19. Oído -- Capítulo 20. Ojo -- Capítulo 21. Sistema tegumentario. | |
| 650 | 0 |
_aOdontología _9546 |
|
| 650 | 4 |
_aPSICOLOGÍA _9108 |
|
| 650 | 4 | _aEMBRIOLOGÍA DENTARIA | |
| 650 | 4 | _aEMBRIOLOGÍA HUMANA | |
| 700 | 1 |
_aLeland, Jill. _eil. |
|
| 700 | 1 | _aSadler-Redmond, Susan L. | |
| 942 |
_2cdu _cBK |
||
| 999 |
_c2917 _d2917 |
||